|
|
|
|
| LEADER |
00000cam a2200000 a 4500 |
| 001 |
vtls008333632 |
| 003 |
SK-MaSNL |
| 005 |
20260301164704.0 |
| 008 |
251124s1972 xo e p 000 0 slo |
| 015 |
|
|
|a SNBA1973/02-00324
|
| 035 |
|
|
|a SK01SNK19730025849
|
| 035 |
|
|
|a SKM000028312
|
| 040 |
|
|
|a SNK
|b slo
|c SNK
|e AACR2
|
| 041 |
0 |
|
|a slo
|a rus
|
| 044 |
|
|
|a xo
|c SK
|
| 072 |
|
7 |
|a 811.161.1
|x Ruština
|2 konspekt
|
| 080 |
|
|
|a 811.161.1
|2 2011
|
| 080 |
|
|
|a (075.8)
|2 2011
|
| 100 |
1 |
|
|a Weissová, Mária
|4 aut
|9 9272
|
| 245 |
1 |
0 |
|a Ruská textová cvičebnica pre filológov-neruštinárov so slovníkom minimálnej slovnej zásoby
|b ... učeb. text pre internú potrebu posl. Filozof. fak. UK ...
|c Mária Weissová
|
| 250 |
|
|
|a 4. nezm. vyd.
|
| 260 |
|
|
|a Bratislava
|b UK
|c 1972
|
| 300 |
|
|
|a 160 s.
|c 4°
|
| 490 |
1 |
|
|a Vysokoškolské skriptá
|
| 500 |
|
|
|a Zozn. lit. Pozn. Slovníky
|
| 563 |
|
|
|a 300 výtl.
|
| 650 |
0 |
7 |
|a ruština
|2 SNKPH
|9 1346
|
| 650 |
0 |
7 |
|a Russian language
|2 SNKPH
|9 282042
|
| 655 |
|
7 |
|a učebnice vysokých škôl
|2 SNKPH
|9 70191
|
| 655 |
|
7 |
|a Textbooks (higher)
|2 SNKPHeng
|9 276436
|
| 830 |
|
0 |
|a Vysokoškolské skriptá
|9 276440
|
| 852 |
|
|
|a Štátna vedecká knižnica v Banskej Bystrici
|
| 958 |
|
|
|a OND
|
| 958 |
|
|
|a RM
|
| 958 |
|
|
|a RK
|
| 958 |
|
|
|a NB
|
| 958 |
|
|
|a UV
|
| 999 |
|
|
|c 821486
|d 823416
|
| 952 |
|
|
|a SNK
|b SNK
|y PREZ
|7 0
|p 17A0897756
|o snkSB 19084
|i snkKSP 1563/73
|0 0
|1 0
|4 0
|d 2015-07-01
|l 0
|r 2025-03-20 00:00:00
|w 2026-02-24
|
| 952 |
|
|
|a SNK
|b SNK
|y VYP
|7 0
|o snkSB 19084 D1
|i snkKSP 1564/73
|0 0
|1 0
|4 0
|d 2015-07-01
|l 0
|r 2026-02-24 03:08:40
|w 2026-02-24
|
| 952 |
|
|
|a SNK
|b SNK
|y VYP
|7 0
|o snkSB 19084 D2
|i snkD 2760/76
|8 1
|0 0
|1 0
|4 0
|d 2015-07-01
|l 0
|r 2026-02-24 03:08:40
|w 2026-02-24
|